[Event "Rhein Main op 12th"]
[Site "Bad Homburg"]
[Date "2009.06.11"]
[Round "2"]
[White "Nahler, Michael"]
[Black "Feigl, Gerold"]
[Result "1-0"]
[WhiteElo "1834"]
[BlackElo "1478"]
[PlyCount "77"]
[EventDate "2009.06.10"]
[EventType "swiss"]
[EventRounds "7"]
[EventCountry "GER"]
[SourceTitle "CBM 131 Extra"]
[Source "ChessBase"]
[SourceDate "2009.09.03"]
[SourceVersion "2"]
[SourceVersionDate "2009.09.16"]
[SourceQuality "1"]

1. e4 e5 2. Nf3 Nc6 3. Bb5 Nge7 4. 0-0 a6 5. Bc4 b5 6. Bb3 h6 7. c3 Ng6 8. d4 Bd6 9. Be3 0-0 10. Nbd2 Qf6 11. Re1 Nf4 12. Nf1 Bb7 13. Ng3 g6 14. a3 Rad8 15. Qd2 g5 16. Nf5 Na5 17. Nxd6 cxd6 18. Ba2 g4 19. Nxe5 dxe5 20. dxe5 Nh3+ 21. gxh3 Qf3 22. Qe2 Nc4 23. Qxf3 gxf3 24. Bxc4 bxc4 25. Bxh6 Rfe8 26. Bf4 Kh7 27. Kh1 Bxe4 28. Rxe4 d5 29. Re3 Rb8 30. Rb1 Kg6 31. Rxf3 Rh8 32. e6 Rb7 33. Be5 Rh5 34. Rg1+ Rg5 35. Rf6+ Kh5 36. Rxg5+ Kxg5 37. exf7 Rxb2 38. f8Q Rb1+ 39. Kg2 1-0

[Event "Rhein Main op 12th"]
[Site "Bad Homburg"]
[Date "2009.06.11"]
[Round "3"]
[White "Peter, Falco"]
[Black "Feigl, Gerold"]
[Result "0-1"]
[WhiteElo "1744"]
[BlackElo "1478"]
[PlyCount "88"]
[EventDate "2009.06.10"]
[EventType "swiss"]
[EventRounds "7"]
[EventCountry "GER"]
[SourceTitle "CBM 131 Extra"]
[Source "ChessBase"]
[SourceDate "2009.09.03"]
[SourceVersion "2"]
[SourceVersionDate "2009.09.16"]
[SourceQuality "1"]

1. d4 d5 2. Bf4 Nf6 3. e3 c6 4. Bd3 e6 5. Nf3 Nbd7 6. c3 Be7 7. Nbd2 h6 8. h3 Nh7 9. Qc2 f5 10. 0-0-0 g5 11. Bh2 Nb6 12. g4 Rf8 13. Ne5 Rg8 14. gxf5 exf5 15. Bxf5 Bxf5 16. Qxf5 Nf6 17. Qe6 Rg7 18. f4 Qc8 19. f5 Qxe6 20. fxe6 Nc8 21. Rdf1 Nd6 22. Nd3 Rg6 23. Bxd6 Bxd6 24. Rf5 Ke7 25. Rhf1 Kxe6 26. Ne5 Bxe5 27. Rxe5+ Kd6 28. Ref5 Ke6 29. Kc2 b5 30. Nb3 Ne4 31. Rf8 Rxf8 32. Rxf8 Rf6 33. Rh8 Nf2 34. Rh7 Nxh3 35. Nc5+ Kf5 36. Rxa7 g4 37. Rg7 h5 38. Kd2 Ng5 39. Ke2 g3 40. Nd3 h4 41. Nf4 Rh6 42. Rg8 h3 43. Kf1 h2 44. Ke2 h1Q 0-1

[Event "Rhein Main op 11th"]
[Site "Bad Homburg"]
[Date "2008.05.25"]
[Round "7"]
[White "Feigl, Gerold"]
[Black "Rolf, Marco"]
[Result "0-1"]
[WhiteElo "1513"]
[BlackElo "924"]
[PlyCount "126"]
[EventDate "2008.05.21"]
[EventType "swiss"]
[EventRounds "7"]
[EventCountry "GER"]
[SourceTitle "CBM 124 Extra"]
[Source "ChessBase"]
[SourceDate "2008.07.03"]
[SourceVersion "1"]
[SourceVersionDate "2008.07.03"]
[SourceQuality "1"]

1. e4 e6 2. d4 d5 3. e5 c5 4. c3 Qb6 5. Nf3 Nc6 6. a3 Nh6 7. b4 cxd4 8. cxd4 Nf5 9. Bb2 Bd7 10. g4 Nh6 11. h3 Rc8 12. Bd3 f6 13. exf6 gxf6 14. Nbd2 Nf7 15. 0-0 Rg8 16. Nb3 h5 17. Nh2 hxg4 18. hxg4 Bd6 19. Kg2 Bxh2 20. Kxh2 Rh8+ 21. Kg2 Qc7 22. Rh1 Ke7 23. Nc5 Qf4 24. Qf3 Qxf3+ 25. Kxf3 b6 26. Nxd7 Kxd7 27. Bb5 Rcg8 28. Rxh8 Rxh8 29. Kg3 Ng5 30. Bf1 Ne4+ 31. Kg2 Ne7 32. Rc1 Rh4 33. f3 Ng5 34. Kg3 Ng6 35. Bb5+ Kd8 36. Bf1 Kd7 37. Rc3 Rh1 38. Bb5+ Kd8 39. Bc1 Rh3+ 40. Kf2 Ne4+ 41. fxe4 Rxc3 42. Bh6 dxe4 43. g5 Rf3+ 44. Ke1 fxg5 45. Bxg5+ Kc7 46. a4 Nf4 47. Bxf4+ Rxf4 48. Ke2 Rf3 49. Be8 Rd3 50. a5 bxa5 51. bxa5 Rxd4 52. Ke3 e5 53. Bb5 Kd6 54. a6 Rb4 55. Bf1 Kd5 56. Kd2 Kd4 57. Kc2 e3 58. Be2 e4 59. Bg4 Rc4+ 60. Kd1 Ra4 61. Be2 Kc3 62. Ke1 Ra1+ 63. Bd1 Kd3 0-1

[Event "Rhein Main op 11th"]
[Site "Bad Homburg"]
[Date "2008.05.24"]
[Round "5"]
[White "Feigl, Gerold"]
[Black "Grasmik, Waldemar"]
[Result "1-0"]
[WhiteElo "1513"]
[BlackElo "1748"]
[PlyCount "155"]
[EventDate "2008.05.21"]
[EventType "swiss"]
[EventRounds "7"]
[EventCountry "GER"]
[SourceTitle "CBM 124 Extra"]
[Source "ChessBase"]
[SourceDate "2008.07.03"]
[SourceVersion "1"]
[SourceVersionDate "2008.07.03"]
[SourceQuality "1"]

1. e4 d5 2. exd5 Nf6 3. c4 c6 4. Qa4 Bd7 5. dxc6 Nxc6 6. Qd1 Qc7 7. d3 Bg4 8. f3 Bh5 9. Nc3 a6 10. Nge2 e6 11. Nf4 Bg6 12. Ne4 Bxe4 13. dxe4 Bd6 14. g3 Rd8 15. Qa4 Bb4+ 16. Kf2 Bc5+ 17. Kg2 0-0 18. Be2 Nd4 19. Re1 g6 20. Be3 Nxe2 21. Rxe2 Bxe3 22. Rxe3 Rd2+ 23. Re2 Rfd8 24. Rae1 Qb6 25. Qb3 Qc5 26. Rxd2 Rxd2+ 27. Re2 Rd7 28. Qc3 e5 29. Nd5 Nxd5 30. exd5 f6 31. b4 Qd6 32. Rd2 Qe7 33. c5 Kg7 34. d6 Qe6 35. a4 e4 36. fxe4 Qxe4+ 37. Kf2 Qh1 38. Ke3 Qe1+ 39. Kd3 Qb1+ 40. Kc4 Qe4+ 41. Kb3 Qe6+ 42. Ka3 Qe4 43. Qd3 Qe5 44. Qd4 Qe1 45. Rf2 Rf7 46. b5 Qc1+ 47. Ka2 Qe1 48. bxa6 bxa6 49. c6 Qe6+ 50. Ka3 Qe8 51. Qd5 a5 52. d7 Qd8 53. Qb5 Qc7 54. Re2 Qd6+ 55. Ka2 Re7 56. Rxe7+ Qxe7 57. c7 Qe6+ 58. Kb1 Qe4+ 59. Kc1 Qe3+ 60. Kd1 Qd4+ 61. Ke2 Qe4+ 62. Kd2 Qd4+ 63. Ke2 Qe4+ 64. Kf2 Qc2+ 65. Qe2 Qf5+ 66. Kg2 Qxd7 67. Qc2 Qc8 68. Qc5 Kf7 69. Qb6 Ke7 70. Qb8 Kd7 71. Qb5+ Kxc7 72. Qxa5+ Kd7 73. Qd2+ Ke7 74. a5 Qc6+ 75. Kh3 h5 76. Qb4+ Kf7 77. Qb6 Qd7+ 78. Kg2 1-0

[Event "Rhein Main op 11th"]
[Site "Bad Homburg"]
[Date "2008.05.24"]
[Round "6"]
[White "Hoegy, Kevin"]
[Black "Feigl, Gerold"]
[Result "1-0"]
[WhiteElo "2058"]
[BlackElo "1513"]
[PlyCount "77"]
[EventDate "2008.05.21"]
[EventType "swiss"]
[EventRounds "7"]
[EventCountry "GER"]
[SourceTitle "CBM 124 Extra"]
[Source "ChessBase"]
[SourceDate "2008.07.03"]
[SourceVersion "1"]
[SourceVersionDate "2008.07.03"]
[SourceQuality "1"]

1. e4 e5 2. Nf3 Nc6 3. Bc4 Bc5 4. b4 Bxb4 5. c3 Be7 6. d4 Bf6 7. Ba3 d6 8. Qb3 Nh6 9. dxe5 Bxe5 10. 0-0 Qf6 11. Bd5 Nd8 12. Nxe5 dxe5 13. Nd2 c6 14. Nc4 cxd5 15. Nd6+ Kf8 16. Nxc8+ Kg8 17. Ne7+ Kf8 18. Nxd5+ Kg8 19. Nxf6+ gxf6 20. Be7 Kg7 21. Bxd8 Rhxd8 22. Qxb7 Rdb8 23. Qd7 Rd8 24. Qh3 a5 25. Rfe1 Ng8 26. Re3 Ne7 27. Rd3 Rdc8 28. Rd7 Ng6 29. Qe6 Rf8 30. Rad1 Rae8 31. Rxf7+ Rxf7 32. Qxe8 Nf4 33. Rd8 Rb7 34. h4 Rb1+ 35. Kh2 Rb2 36. Qe7+ Kh6 37. Qxf6+ Ng6 38. Rg8 Rb7 39. Qg5# 1-0

[Event "Rhein Main op 11th"]
[Site "Bad Homburg"]
[Date "2008.05.22"]
[Round "2"]
[White "Blosze, Winfried"]
[Black "Feigl, Gerold"]
[Result "1-0"]
[WhiteElo "1903"]
[BlackElo "1513"]
[PlyCount "87"]
[EventDate "2008.05.21"]
[EventType "swiss"]
[EventRounds "7"]
[EventCountry "GER"]
[SourceTitle "CBM 124 Extra"]
[Source "ChessBase"]
[SourceDate "2008.07.03"]
[SourceVersion "1"]
[SourceVersionDate "2008.07.03"]
[SourceQuality "1"]

1. e4 e5 2. Nf3 Nc6 3. Bb5 Qf6 4. 0-0 Bc5 5. Nc3 Nge7 6. d3 h6 7. Na4 Bb6 8. Nxb6 axb6 9. c3 0-0 10. d4 d6 11. h3 Ng6 12. Be3 Nf4 13. Kh2 Ne7 14. Ng1 g5 15. g3 Ne6 16. d5 Nc5 17. f3 Ng6 18. b4 Nd7 19. Qe2 Qe7 20. Qg2 f6 21. f4 exf4 22. gxf4 Nh4 23. Qc2 f5 24. Bd4 c5 25. dxc6 Nf6 26. Bc4+ Kh7 27. exf5 Bxf5 28. Bd3 Nh5 29. Bxf5+ Nxf5 30. Rae1 Qf7 31. Rf2 Nxf4 32. cxb7 Qxb7 33. Ref1 Qd5 34. Bxb6 Kg6 35. a4 h5 36. Ne2 Nxe2 37. Rxe2 g4 38. Rg2 Qe6 39. Kg1 g3 40. Bd4 Qd5 41. Rxg3+ Kh6 42. Qd2+ Kh7 43. Rxf5 Qe6 44. Rxh5+ 1-0

[Event "Rhein Main op 11th"]
[Site "Bad Homburg"]
[Date "2008.05.21"]
[Round "1"]
[White "Feigl, Gerold"]
[Black "Willems, Matthias"]
[Result "0-1"]
[WhiteElo "1513"]
[BlackElo "2034"]
[PlyCount "132"]
[EventDate "2008.05.21"]
[EventType "swiss"]
[EventRounds "7"]
[EventCountry "GER"]
[SourceTitle "CBM 124 Extra"]
[Source "ChessBase"]
[SourceDate "2008.07.03"]
[SourceVersion "1"]
[SourceVersionDate "2008.07.03"]
[SourceQuality "1"]

1. e4 d5 2. exd5 Qxd5 3. Nc3 Qa5 4. Nf3 Bf5 5. Bc4 e6 6. a3 c6 7. d4 Nf6 8. 0-0 Nbd7 9. Bf4 b5 10. Bd3 Bg4 11. h3 Bh5 12. Ne4 Nd5 13. Bh2 Qb6 14. c3 c5 15. Nxc5 Nxc5 16. dxc5 Bxc5 17. Be2 Rd8 18. Qb3 a6 19. a4 b4 20. cxb4 Nxb4 21. Bg3 0-0 22. Rad1 Bg6 23. Rxd8 Rxd8 24. Qc4 Nd3 25. b3 h6 26. Qc3 Bb4 27. Qc7 Qxc7 28. Bxc7 Rc8 29. Bxd3 Bxd3 30. Rd1 Bc2 31. Rd4 a5 32. Rd8+ Rxd8 33. Bxd8 Bxb3 34. Ne5 Bxa4 35. Nc4 Bb3 36. Nxa5 Bd5 37. f3 Bc5+ 38. Kf1 Kf8 39. Ke2 Ke8 40. Bc7 Kd7 41. Bf4 Bb6 42. Bd2 Kd6 43. Kd3 Kc5 44. Be3+ Kb5 45. Bxb6 Kxb6 46. Nc4+ Bxc4+ 47. Kxc4 Kc6 48. Kd4 Kd6 49. f4 f6 50. g4 g5 51. Ke4 Kc5 52. fxg5 hxg5 53. Kd3 Kd5 54. Ke3 Ke5 55. Kf3 Kd4 56. Kg3 Kd3 57. h4 gxh4+ 58. Kxh4 e5 59. Kh5 e4 60. Kg6 e3 61. Kxf6 e2 62. g5 e1Q 63. g6 Qf2+ 64. Ke6 Qf8 65. Ke5 Qg7+ 66. Kf5 Kd4 0-1

[Event "Rhein Main op 09th"]
[Site "Bad Homburg"]
[Date "2006.06.17"]
[Round "5.47"]
[White "Feigl, Gerold"]
[Black "Kempf, Juergen"]
[Result "1/2-1/2"]
[WhiteElo "1452"]
[BlackElo "1114"]
[PlyCount "88"]
[EventDate "2006.06.14"]
[EventType "swiss"]
[EventRounds "7"]
[EventCountry "GER"]
[SourceTitle "EXT 2007"]
[Source "ChessBase"]
[SourceDate "2006.11.23"]
[SourceVersion "1"]
[SourceVersionDate "2006.11.23"]
[SourceQuality "1"]

1. e4 c6 2. Bc4 d5 3. exd5 cxd5 4. Bb5+ Nc6 5. Nf3 Bf5 6. d4 e6 7. a3 Bd6 8. Nc3 Nge7 9. Nh4 Be4 10. Nxe4 dxe4 11. g3 Qa5+ 12. c3 Qxb5 13. Qg4 0-0 14. Bh6 g6 15. Bxf8 Qxb2 16. 0-0 Rxf8 17. Qxe4 Qxc3 18. d5 Nxd5 19. Rfc1 Qd4 20. Qb1 Nc3 21. Qc2 Nb5 22. Rd1 Qc5 23. Qxc5 Bxc5 24. a4 Nc3 25. Rd7 Rb8 26. Kg2 a6 27. Nf3 b5 28. Rc7 Rb6 29. axb5 Nxb5 30. Rc8+ Kg7 31. Rc1 Nd6 32. Ra8 Ne4 33. Rc2 Nd4 34. Ra2 Nxf3 35. Kxf3 Nxf2 36. Rxf2 Bxf2 37. Kxf2 Rb2+ 38. Kg1 e5 39. Rxa6 Rb8 40. Kg2 Re8 41. Kf3 Re6 42. Ra7 Kf6 43. h4 e4+ 44. Ke3 Re7 1/2-1/2

[Event "Rhein Main op 09th"]
[Site "Bad Homburg"]
[Date "2006.06.15"]
[Round "2.38"]
[White "Feigl, Gerold"]
[Black "Bender, Manfred"]
[Result "0-1"]
[WhiteElo "1452"]
[BlackElo "1816"]
[PlyCount "116"]
[EventDate "2006.06.14"]
[EventType "swiss"]
[EventRounds "7"]
[EventCountry "GER"]
[SourceTitle "EXT 2007"]
[Source "ChessBase"]
[SourceDate "2006.11.23"]
[SourceVersion "1"]
[SourceVersionDate "2006.11.23"]
[SourceQuality "1"]

1. e4 e6 2. c4 c6 3. Nc3 Bb4 4. Qb3 Na6 5. Nf3 d6 6. a3 Bxc3 7. Qxc3 Qf6 8. d4 Qg6 9. e5 d5 10. c5 Ne7 11. Qd3 0-0 12. Qxg6 Nxg6 13. Bxa6 bxa6 14. b4 Rb8 15. Bd2 Rb7 16. Ke2 f6 17. g3 Rbf7 18. Rhf1 a5 19. Ne1 fxe5 20. dxe5 Nxe5 21. f4 Ba6+ 22. Kf2 Ng4+ 23. Kg2 Bxf1+ 24. Kxf1 Nxh2+ 25. Kg2 Ng4 26. bxa5 e5 27. Rb1 e4 28. Nc2 Ne5 29. a6 Nd3 30. Be3 Rc8 31. a4 Kf8 32. a5 Ke8 33. Bd4 g6 34. Ne3 h5 35. Rb7 Rcc7 36. Rb8+ Kd7 37. Rg8 Nb4 38. Rxg6 Nxa6 39. f5 Nb4 40. f6 Ke6 41. Kh3 Rh7 42. Kh4 Rcf7 43. Kg5 Nd3 44. Nf5 Ne1 45. Ng7+ Kd7 46. Nf5 Nf3+ 47. Kf4 Ke6 48. Ng7+ Kd7 49. Bb2 h4 50. gxh4 Rxh4+ 51. Rg4 Rxg4+ 52. Kxg4 d4 53. Kf4 e3 54. Kxf3 Rxf6+ 55. Ke4 e2 56. Bxd4 e1Q+ 57. Kd3 Rf3+ 58. Kc2 Qe2+ 0-1

[Event "Rhein Main op 09th"]
[Site "Bad Homburg"]
[Date "2006.06.14"]
[Round "1.34"]
[White "Hillgaertner, Walter"]
[Black "Feigl, Gerold"]
[Result "1-0"]
[WhiteElo "2055"]
[BlackElo "1452"]
[PlyCount "153"]
[EventDate "2006.06.14"]
[EventType "swiss"]
[EventRounds "7"]
[EventCountry "GER"]
[SourceTitle "EXT 2007"]
[Source "ChessBase"]
[SourceDate "2006.11.23"]
[SourceVersion "1"]
[SourceVersionDate "2006.11.23"]
[SourceQuality "1"]

1. d4 d5 2. Bf4 c6 3. c3 Qb6 4. Qb3 Nd7 5. Nd2 Ngf6 6. h3 e6 7. e3 Be7 8. Bd3 Qxb3 9. axb3 b5 10. Ngf3 Bb7 11. 0-0 Nb6 12. Rfc1 a6 13. Bc7 Bd8 14. Bxd8 Kxd8 15. b4 Ke7 16. Ne5 Nfd7 17. Nxd7 Kxd7 18. Nb3 Kc7 19. Nc5 Nd7 20. Nb3 f5 21. Nd2 Kd6 22. Nf3 h6 23. b3 g6 24. c4 Rhf8 25. cxb5 axb5 26. Ra5 Rxa5 27. bxa5 g5 28. b4 e5 29. Nd2 e4 30. Be2 Ba6 31. Nb3 Kc7 32. Kh2 Kb7 33. Rf1 Kc7 34. Kg3 Kd6 35. Kh2 Bc8 36. Kg1 Nb8 37. Nc5 Na6 38. Nxa6 Bxa6 39. Rc1 f4 40. Rf1 Rf6 41. Kh2 Rf8 42. Kg1 Bc8 43. Ra1 Ba6 44. Bg4 Kc7 45. Ra3 Kd6 46. Rc3 Rf6 47. f3 fxe3 48. Rxe3 exf3 49. Bxf3 Bc8 50. Re8 Kc7 51. Kf2 Bf5 52. Ke3 Kb7 53. Re7+ Ka6 54. Be2 Be4 55. g3 Bf5 56. h4 gxh4 57. gxh4 Bh3 58. Bf3 Bc8 59. Rg7 Re6+ 60. Kf2 Rf6 61. h5 Bf5 62. Kg3 Bc2 63. Bg4 Bf5 64. Rc7 Bxg4 65. Kxg4 Re6 66. Kf5 Re4 67. Rxc6+ Ka7 68. Rxh6 Rxd4 69. Ke5 Rxb4 70. Kxd5 Ra4 71. a6 Ra1 72. Kc5 Rb1 73. Rg6 b4 74. Kb5 Rh1 75. Rg7+ Ka8 76. Kb6 Rxh5 77. Rg8# 1-0

[Event "Hessen-chB"]
[Site "Marburg"]
[Date "2006.04.15"]
[Round "7.30"]
[White "Feigl, Gerold"]
[Black "Siegismund, Verena"]
[Result "1-0"]
[WhiteElo "1514"]
[BlackElo "1169"]
[PlyCount "101"]
[EventDate "2006.04.13"]
[EventType "swiss"]
[EventRounds "7"]
[EventCountry "GER"]
[SourceTitle "EXT 2007"]
[Source "ChessBase"]
[SourceDate "2006.11.23"]
[SourceVersion "1"]
[SourceVersionDate "2006.11.23"]
[SourceQuality "1"]

1. e4 e5 2. Bc4 Nf6 3. Nc3 Nc6 4. Nf3 Bc5 5. h3 0-0 6. d3 h6 7. 0-0 b6 8. a3 a5 9. Ne2 Re8 10. c3 d5 11. exd5 Nxd5 12. Bb5 Bd7 13. Ng3 Nce7 14. Bxd7 Qxd7 15. Nxe5 Qe6 16. Nf3 Nf5 17. Nxf5 Qxf5 18. d4 Bd6 19. Re1 Re4 20. Rxe4 Qxe4 21. Qe1 Qxe1+ 22. Nxe1 Re8 23. Kf1 c6 24. Nd3 g5 25. g3 Kg7 26. c4 Nf6 27. Be3 Nd7 28. Rc1 Bc7 29. b4 a4 30. Kg2 Kg6 31. Kf3 f5 32. d5 cxd5 33. cxd5 Bb8 34. Rc6+ Kg7 35. Bxb6 Ne5+ 36. Nxe5 Rxe5 37. d6 Rd5 38. Bc5 Rd3+ 39. Kg2 Kf7 40. Rb6 Bxd6 41. Rxd6 Rxa3 42. Rxh6 Rc3 43. Rh7+ Kg6 44. Ra7 a3 45. Bd6 Rb3 46. g4 fxg4 47. hxg4 Kh6 48. Ra4 Kg6 49. Bc5 Kf6 50. Be3 Ke5 51. Bc1 1-0

[Event "Hessen-chB"]
[Site "Marburg"]
[Date "2006.04.14"]
[Round "6.23"]
[White "Fay, Roland"]
[Black "Feigl, Gerold"]
[Result "1-0"]
[WhiteElo "1739"]
[BlackElo "1514"]
[PlyCount "83"]
[EventDate "2006.04.13"]
[EventType "swiss"]
[EventRounds "7"]
[EventCountry "GER"]
[SourceTitle "EXT 2007"]
[Source "ChessBase"]
[SourceDate "2006.11.23"]
[SourceVersion "1"]
[SourceVersionDate "2006.11.23"]
[SourceQuality "1"]

1. d4 Nf6 2. c4 c6 3. Nc3 d5 4. Nf3 e6 5. Bg5 Be7 6. e3 0-0 7. Bd3 Nbd7 8. 0-0 Re8 9. Rc1 Nf8 10. a3 dxc4 11. Bxc4 Nd5 12. Bxe7 Nxc3 13. bxc3 Qxe7 14. Qb3 Ng6 15. a4 a6 16. Rb1 Qc7 17. Bd3 Qa5 18. Bxg6 hxg6 19. Ne5 Qd8 20. Qb6 Qxb6 21. Rxb6 g5 22. Rfb1 f6 23. Nc4 Rd8 24. Na5 Ra7 25. Nxb7 Rd7 26. Nc5 Rdc7 27. a5 Kf7 28. f3 f5 29. Kf2 Kf6 30. h4 gxh4 31. e4 g5 32. e5+ Kg6 33. Rh1 f4 34. Rhb1 Kf5 35. Ne4 Kg6 36. Nd6 Bd7 37. Rb8 Kg7 38. Ne4 Kh6 39. Rh8+ Kg6 40. Rbb8 Rab7 41. Rbg8+ Kf7 42. Nxg5+ 1-0

[Event "Hessen-chB"]
[Site "Marburg"]
[Date "2006.04.13"]
[Round "5.20"]
[White "Breitwieser, Peter"]
[Black "Feigl, Gerold"]
[Result "1-0"]
[WhiteElo "1898"]
[BlackElo "1514"]
[PlyCount "83"]
[EventDate "2006.04.13"]
[EventType "swiss"]
[EventRounds "7"]
[EventCountry "GER"]
[SourceTitle "EXT 2007"]
[Source "ChessBase"]
[SourceDate "2006.11.23"]
[SourceVersion "1"]
[SourceVersionDate "2006.11.23"]
[SourceQuality "1"]

1. b3 e5 2. Bb2 Nc6 3. Nf3 e4 4. Nd4 Nxd4 5. Bxd4 c5 6. Bb2 d5 7. e3 a6 8. d4 Nf6 9. Be2 b5 10. 0-0 c4 11. a4 Bd7 12. f3 Be7 13. Nd2 Bc6 14. axb5 axb5 15. fxe4 cxb3 16. e5 Ne4 17. Nxe4 Rxa1 18. Bxa1 bxc2 19. Qxc2 Qb6 20. Nd6+ Bxd6 21. exd6 0-0 22. Qc5 Qb7 23. Bb2 Re8 24. Rc1 Bd7 25. Bf3 Be6 26. Qc7 Qa8 27. Ra1 Qc8 28. Ra7 Qxc7 29. dxc7 f5 30. Rb7 g6 31. Rb8 Bc8 32. Bxd5+ Kg7 33. Bb7 Rxe3 34. Rxc8 Rb3 35. Rg8+ Kh6 36. Bc1+ Kh5 37. Bf3+ Kh4 38. g3+ Kh3 39. Bg2+ Kg4 40. c8Q Rd3 41. Qc2 Rxd4 42. Qe2# 1-0

[Event "Hessen-chB"]
[Site "Marburg"]
[Date "2006.04.13"]
[Round "4.25"]
[White "Feigl, Gerold"]
[Black "Brahn, Helmut"]
[Result "1-0"]
[WhiteElo "1514"]
[BlackElo "1886"]
[PlyCount "118"]
[EventDate "2006.04.13"]
[EventType "swiss"]
[EventRounds "7"]
[EventCountry "GER"]
[SourceTitle "EXT 2007"]
[Source "ChessBase"]
[SourceDate "2006.11.23"]
[SourceVersion "1"]
[SourceVersionDate "2006.11.23"]
[SourceQuality "1"]

1. e4 c5 2. Bc4 d6 3. Nf3 Nf6 4. Nc3 e6 5. d3 a6 6. a4 Nc6 7. Ne2 Be7 8. c3 h6 9. Bd2 0-0 10. Bb3 Bd7 11. c4 Re8 12. Ng3 Qc7 13. 0-0 Rac8 14. Re1 e5 15. h3 Be6 16. Bc2 Nd4 17. b3 Qd7 18. Nxd4 cxd4 19. Kh2 Nh7 20. Qh5 Nf6 21. Qd1 Qc7 22. Qf3 d5 23. exd5 Bxd5 24. Ne4 Bxe4 25. dxe4 Nh7 26. Bd3 Bg5 27. Bxg5 Nxg5 28. Qg4 Qb6 29. Rab1 Ne6 30. Qd1 Qd6 31. f3 Rc6 32. g3 Rb6 33. Re2 Nc5 34. Reb2 Re6 35. b4 Nxd3 36. Qxd3 Rc6 37. c5 Qc7 38. g4 a5 39. bxa5 Rxc5 40. Rxb7 Qxa5 41. R7b4 Rc3 42. Qd1 Qc5 43. Kg3 d3 44. R4b3 Rc2 45. Qg1 Qxg1+ 46. Rxg1 Rd6 47. Rd1 d2 48. Rbb1 Rdc6 49. Kf2 Rc1 50. Rb8+ Kh7 51. Ke2 Rxd1 52. Kxd1 Ra6 53. Rb4 Rd6 54. Rb3 f6 55. a5 Kg6 56. h4 Rd7 57. a6 Kf7 58. Rb7 Ke6 59. Rxd7 Kxd7 1-0